From void to the top journey of immortal martyr : (Record no. 164940)

MARC details
000 -LEADER
fixed length control field 00589nam a22001817a 4500
005 - DATE AND TIME OF LATEST TRANSACTION
control field 20220303112552.0
010 ## - LCCN (DPL NO)
LC control number ENG-125410
020 ## - INTERNATIONAL STANDARD BOOK NUMBER
Terms of availability 50.00
035 ## - SYSTEM CONTROL NUMBER
System control number EN-108942
037 ## - SOURCE OF ACQUISITION
Source of stock number/acquisition DBAD/PUB
082 ## - DEWEY DECIMAL CLASSIFICATION NUMBER
Classification number 230.35
100 ## - MAIN ENTRY--PERSONAL NAME
Personal name Kathuria, Sunderlal
245 ## - TITLE STATEMENT
Title From void to the top journey of immortal martyr :
Statement of responsibility, etc by KP Singh
Remainder of title Sawami Sharaddhanand /
260 ## - PUBLICATION, DISTRIBUTION, ETC. (IMPRINT)
Place of publication, distribution, etc Delhi
Name of publisher, distributor, etc Bhartiya Hindu Shudhi Sabha
Date of publication, distribution, etc 2015
270 ## - ADDRESS
Address 6949, Shudhi Sabha Bhawan, Birla Lines
City Kamla Nagar, Delhi
Postal code 110011
Telephone number 23857244
300 ## - PHYSICAL DESCRIPTION
Extent 70p.
Dimensions 21cm(pbk)
942 ## - ADDED ENTRY ELEMENTS (KOHA)
Source of classification or shelving scheme Dewey Decimal Classification
Item type English Books
Classification part 230.35
Call number suffix KAT
Holdings
Withdrawn status Lost status Not for loan Collection code Home library Current library Date acquired Source of acquisition Cost, normal purchase price Full call number Barcode Copy number Cost, replacement price Koha item type
      Non-fiction Bawana Bawana 30/05/2019 DBAD/PUB 50.00 230.35 KAT EN-108942 1 50.00 English Books

© Delhi Public Library
Hit Counter
free hit counter